Disabled People, Work and Welfare (Record no. 61910)

MARC details
000 -LEADER
fixed length control field 01578nam a2200229Ii 4500
008 - FIXED-LENGTH DATA ELEMENTS--GENERAL INFORMATION
fixed length control field 221202s xx 000 0 und d
245 #0 - TITLE STATEMENT
Title Disabled People, Work and Welfare
246 ## - VARYING FORM OF TITLE
Title proper/short title Is Employment Really the Answer?
264 #1 - PRODUCTION, PUBLICATION, DISTRIBUTION, MANUFACTURE, AND COPYRIGHT NOTICE
Place of production, publication, distribution, manufacture [Place of publication not identified] :
Name of producer, publisher, distributor, manufacturer [Publisher not identified],
Date of production, publication, distribution, manufacture, or copyright notice 2015
300 ## - PHYSICAL DESCRIPTION
Extent 1 online resource
336 ## - CONTENT TYPE
Content type term text
Content type code txt
Source rdacontent
337 ## - MEDIA TYPE
Media type term computer
Media type code c
Source rdamedia
338 ## - CARRIER TYPE
Carrier type term online resource
Carrier type code cr
Source rdacarrier
520 ## - SUMMARY, ETC.
Summary, etc. This is the first book to challenge the concept of paid work for disabled people as a means to ‘independence’ and ‘self determination’. Recent attempts in many countries to increase the employment rates of disabled people have actually led to an erosion of financial support for many workless disabled people and their increasing stigmatisation as ‘scroungers’. Led by the disability movement’s concern with the employment choices faced by disabled people, this controversial book uses sociological and philosophical approaches, as well as international examples, to critically engage with possible alternatives to paid work. Essential reading for students, practitioners, activists and anyone interested in relationships between work, welfare and disability.
653 ## - INDEX TERM--UNCONTROLLED
Uncontrolled term Political Science
653 ## - INDEX TERM--UNCONTROLLED
Uncontrolled term Public Policy
653 ## - INDEX TERM--UNCONTROLLED
Uncontrolled term Social Services & Welfare
700 1# - ADDED ENTRY--PERSONAL NAME
Personal name Grover, Chris
700 1# - ADDED ENTRY--PERSONAL NAME
Personal name Piggott, Linda
856 ## - ELECTRONIC LOCATION AND ACCESS
Uniform Resource Identifier <a href="https://library.oapen.org/bitstream/20.500.12657/53449/1/external_content.pdfhttps://library.oapen.org/handle/20.500.12657/53449">https://library.oapen.org/bitstream/20.500.12657/53449/1/external_content.pdfhttps://library.oapen.org/handle/20.500.12657/53449</a>
942 ## - ADDED ENTRY ELEMENTS (KOHA)
Koha item type E-Book
Holdings
Withdrawn status Damaged status Not for loan Home library Current library Date acquired Total Checkouts Date last seen Price effective from Koha item type
      Directory of Open Access Books Directory of Open Access Books 11/28/2022   11/28/2022 11/28/2022 E-Book

University of Rizal System
Email us at univlibservices@urs.edu.ph

Visit our Website www.urs.edu.ph/library